| 000 | 00872nam a2200229Ia 4500 | ||
|---|---|---|---|
| 001 | 1171 | ||
| 003 | GE_BSU | ||
| 008 | 181216s||||||||xx |||||||||||||| ||und|| | ||
| 040 | _cGE_BSU | ||
| 080 | _a631.4(075.8) | ||
| 100 | _aონიანი, ო.გ. მარგველაშვილი გ.ნ. | ||
| 245 | _aნიადაგის ქიმიური ანალიზი. | ||
| 245 | _bსახელმძღვანელო სასოფლო სამეურნეო ინსტიტუტის სტუდენტებისათვის. | ||
| 260 | _aთბილისი. | ||
| 260 | _bგანათლება. | ||
| 260 | _c1975. | ||
| 300 | _a507 გვ. 21 სმ. | ||
| 541 | _h15 ლ. | ||
| 653 | _aნიადაგია ქიმიური ანალიზი. | ||
| 653 | _aქიმია | ||
| 942 | _cBK | ||
| 999 |
_c35320 _d35320 |
||